Представление документа в формате RUSMARC

ПолеНазваниеЗначение
  Тип записи a
  Библиографический уровень m
001 Контрольный номер RU/SLIB/B/208749221
005 Дата корректировки 20201206204123.9
010 Индекс ISBN __
d Цена 0-69
101 Язык документа __
a Язык текста rus
200 Заглавие и сведения об ответственности __
a Заглавие Картины Государственной Третьяковской галереи
b Общее обозначение материала Текст
210 Выходные данные __
a Место издания М.
c Издательство Изобраз. искусство
d Дата издания 1974
215 Физическое описание __
a Объем 13 репр.
601 Наименование организации как предмет __
a Наименование организации как предмет Третьяковская галерея
606 Тематические рубрики __
a Основная рубрика Изобразительное искусство и архитектура
a Основная рубрика История живописи
610 Ключевые слова __
a Ключевые слова картины
a Ключевые слова музейные коллекции; коллекции картин
686 Индексы других классификаций __
a Классификационный индекс 85.143(2)л611
801 Источник записи _0
a Страна RU
b Организация Муниципальное бюджетное учреждение культуры "Централизованная библиотечная система" г. Сургут (Центральная городская библиотека им. А. С. Пушкина)
g Правила каталогизации КиК/Уланова
801 Источник записи _1
a Страна RU
b Организация Муниципальное бюджетное учреждение культуры "Централизованная библиотечная система" г. Сургут (Центральная городская библиотека им. А. С. Пушкина)
g Правила каталогизации КиК/Уланова
852 Данные о местонахождении __
j Шифр хранения 85.143(2)л611
c Каталожный индекс 85.143(2)л6
i Авторский знак К 27
p Инвентарный номер 40831(с)
901 Тип документа __
t Тип документа m
990 Данные о заказе (DOS) __
j Количество экземпляров (DOS) 1